000 00459nam a2200181Ia 4500
001 24002
005 20260414151014.0
008 260414t2008||||xx |||||||||||||| ||spa||
041 _aESP
082 _a745.50985
_bC78S
100 _aCorrea Ehlers, Sebastián,
_eAUT
245 0 _aSuyajruna :
_bna mirada al artista popular peruano
260 _c2008
300 _a163 páginas :
_c27 cm.
650 _aABD
654 _aCAU
942 _cLIB
_dJUS
_fJUS
_2ddc
_n
999 _c24002
_d24002